Chansons de Led Zeppelin - Mort subite - Statistiques

Statistiques générales
  • Ce quiz a été pris 20 fois
  • Le résultat moyen est 11 sur 20
Answers on the Grid
Answers color-coded by a green-red scale on the quiz's grid according to % correct below.
Achilles Last Stand
All My Love
Black Dog
Bohemian Rhapsody
Celebration Day
Come As You Are
Communication Breakdown
D'yer Mak'er
Going To California
Good Times Bad Times
Heartbreaker
Highway To Hell
Houses Of The Holy
Immigrant Song
Iron Man
Kashmir
Knockin' On Heaven's Door
Over the Hills and Far Away
Ramble On
Rock and Roll
Rock You Like A Hurricane
Seven Seas Of Rhye
Since I've Been Loving You
Stairway to Heaven
Tangerine
Welcome To The Jungle
When the Levee Breaks
Whole Lotta Love
Wish You Were Here
You Give Love A Bad Name
 
Statistiques - réponses
Réponse % Correct
Black Dog
83%
Immigrant Song
83%
Stairway to Heaven
83%
Whole Lotta Love
78%
Good Times Bad Times
72%
Kashmir
72%
Rock and Roll
61%
Since I've Been Loving You
61%
Achilles Last Stand
50%
Going To California
50%
Houses Of The Holy
50%
Ramble On
50%
All My Love
44%
Celebration Day
44%
Over the Hills and Far Away
44%
When the Levee Breaks
44%
Communication Breakdown
39%
D'yer Mak'er
39%
Heartbreaker
39%
Tangerine
22%
Aucun quiz correspondant
Distribution des résultats
% des personnes avec chaque résultat
Percentile par nombre de réponses
Votre historique - résultats
Vous n’avez pas pris ce quiz